000 00497nam a2200157 4500
001 109978
003 ES-MaACL
005 20230906184944.0
007 t|
008 061121s1967 sp r ||||1| spa d
245 0 0 _aOposiciones para auxiliares de justicia municipal
_b: contestaciones completas /
_cManuel Morales Dary...[et al.].
260 _aMadrid :
_bJurispericia,
_c1967.
300 _a196 p. ;
_c31 cm.
700 1 _aMorales Dary, Manuel.
_983030
852 _aES-MaACL
_jC-33932
_bR.61780
999 _c109978
_d109978